| 000 | 00786cam a2200229 4500 | ||
|---|---|---|---|
| 008 | 030909n2002 vp bd f f 000 0 eng u | ||
| 020 | _a1589480406 | ||
| 035 | _a(Sirsi) u123510 | ||
| 041 | _aeng | ||
| 050 |
_a333.70285 _c18 |
||
| 100 | _aGreene, R.W. | ||
| 245 | _aConfronting catastrophe: a GIS handbook | ||
| 260 |
_aRedlands, California _bESRI Press _c2002 |
||
| 300 | _axiv,140p. : ill. ; 23cm. | ||
| 350 | _a15.99 | ||
| 520 | _aExplores the benefits that GIS technology can offer public officials and IT managers when planning for and reacting to disasters such as fires, hurricanes, earthquakes, or terrorist attacks. | ||
| 650 | _aDISASTER PLANNING | ||
| 650 | _aDISASTER RECOVERY | ||
| 650 | _aMITIGATION | ||
| 690 | _aMAPPING AND MEASUREMENT-GIS | ||
| 942 | _n0 | ||
| 999 |
_c103049 _d103049 |
||